000 00287nam a2200121Ia 4500
008 170620s9999 xx 000 0 und d
100 _aWILLARD-MERRITT
245 0 _aINDUSTRIAL MTHOD OF ANAJYSIS
260 _bCBS
260 _c1986
300 _a895
546 _aEnglish
690 _aINDUSTRIAL MTHOD OF ANAJYSIS
999 _c30584
_d30584